El trabajo por cuenta propia en la economía informal /

En este trabajo se estudia la informalidad económica en su contextualidad histórica, las características explosivas del fenómeno en la actual crisis, y, se establecen las relaciones entre mercerización e informalidad

Сохранить в:
Библиографические подробности
Главный автор: Urdaneta Aguirre, Aleida
Формат: Текст
Предметы:
Метки: Добавить метку
Нет меток, Требуется 1-ая метка записи!

MARC

LEADER 00000 a a2200000 04500
001 7373
003
040
100 |a Urdaneta Aguirre, Aleida  
245 |a El trabajo por cuenta propia en la economía informal /  |c Aleida Urdaneta Aguirre 
520 |a En este trabajo se estudia la informalidad económica en su contextualidad histórica, las características explosivas del fenómeno en la actual crisis, y, se establecen las relaciones entre mercerización e informalidad  
650 |a TRABAJO  
650 |a SECTOR INFORMAL  
650 |a ESTRUCTURA DEL EMPLEO  
650 |a ASPECTOS ECONOMICOS  
650 |a AMERICA LATINA  
650 |a ESTADISTICAS DEMOGRAFICAS  
773 |g volumen 7, número 1; páginas 121-148  
999 |c 35842  |d 35842